<?xml version="1.0" encoding="UTF-8"?>
<collection xmlns:xsi="http://www.w3.org/2001/XMLSchema-instance" xsi:schemaLocation="http://www.loc.gov/MARC21/slim http://www.loc.gov/standards/marcxml/schema/MARC21slim.xsd" xmlns="http://www.loc.gov/MARC21/slim">
 <record>
  <leader>00000cam a22000004i 4500</leader>
  <controlfield tag="001">UP-8027390931312486890</controlfield>
  <controlfield tag="003">Buklod</controlfield>
  <controlfield tag="005">20170930101432.0</controlfield>
  <controlfield tag="006">o--- |     ||   ||</controlfield>
  <controlfield tag="007">ta</controlfield>
  <controlfield tag="008">160406s2017    enkm    rb   a001 0|eng d</controlfield>
  <datafield tag="020" ind1=" " ind2=" ">
   <subfield code="a">9781138860865</subfield>
  </datafield>
  <datafield tag="035" ind1=" " ind2=" ">
   <subfield code="a">(iLib)UPCEB-00010598556</subfield>
  </datafield>
  <datafield tag="040" ind1=" " ind2=" ">
   <subfield code="a">DLC</subfield>
   <subfield code="b">eng</subfield>
   <subfield code="e">rda</subfield>
   <subfield code="c">DLC</subfield>
   <subfield code="d">BTCTA</subfield>
   <subfield code="d">BDX</subfield>
   <subfield code="d">OCLCO</subfield>
   <subfield code="d">OCLCF</subfield>
   <subfield code="d">OCLCO</subfield>
   <subfield code="d">YDX</subfield>
   <subfield code="d">YDX</subfield>
   <subfield code="d">OCLCO</subfield>
   <subfield code="d">YUS</subfield>
   <subfield code="d">QGQ</subfield>
   <subfield code="d">UtOrBLW</subfield>
  </datafield>
  <datafield tag="041" ind1=" " ind2=" ">
   <subfield code="a">eng</subfield>
  </datafield>
  <datafield tag="042" ind1=" " ind2=" ">
   <subfield code="a">pcc</subfield>
  </datafield>
  <datafield tag="050" ind1="0" ind2="0">
   <subfield code="a">PN4815.2</subfield>
   <subfield code="b">R483 2017</subfield>
  </datafield>
  <datafield tag="082" ind1="0" ind2="0">
   <subfield code="a">070.4</subfield>
   <subfield code="2">23</subfield>
  </datafield>
  <datafield tag="090" ind1=" " ind2="0">
   <subfield code="a">PN 4815.2</subfield>
   <subfield code="b">R483 2017</subfield>
  </datafield>
  <datafield tag="245" ind1="0" ind2="0">
   <subfield code="a">Rethinking journalism again</subfield>
   <subfield code="b">societal role and public relevance in a digital age</subfield>
   <subfield code="c">edited by Chris Peters and Marcel Broersma.</subfield>
  </datafield>
  <datafield tag="264" ind1=" " ind2="1">
   <subfield code="a">Abingdon, Oxon</subfield>
   <subfield code="b">Routledge</subfield>
   <subfield code="c">2017.</subfield>
  </datafield>
  <datafield tag="300" ind1=" " ind2=" ">
   <subfield code="a">xi, 234 pages</subfield>
   <subfield code="c">25 cm.</subfield>
  </datafield>
  <datafield tag="504" ind1=" " ind2=" ">
   <subfield code="a">Includes bibliographical references and index.</subfield>
  </datafield>
  <datafield tag="505" ind1="0" ind2=" ">
   <subfield code="a">Introduction: towards a functional perspective on journalism's role and relevance / Marcel Broersma and Chris Peters -- Pt. 1. Journalism and Its societal role -- Reconstructing journalism's public rationale / Nick Couldry -- Reappraising journalism's normative foundations / John Steel -- Establishing the boundaries of Journalism's Public Mandate / Matt Carlson -- The Disruption in Journalistic expertise / Zvi Reich and Yigal Godler -- New media, search engines and social networking sites as varieties of online gatekeepers / Rasmus Kleis Nielsen -- Is there a 'Postmodern Turn' in journalism? / Karin Wahl-Jorgensen -- Pt. 2. Journalism and its public relevance -- What journalism becomes / Mark Deuze and Tamara Witschge -- The journalist as entrepreneur / Jane B. Singer -- A journalism of care / Kaori Hayashi -- From participation to reciprocity in the journalist-audience relationship / Seth C. Lewis, Avery E. Holton and Mark Coddington -- The gap between the media and the public / Pablo J. Boczkowski and Eugenia Mitchelstein -- The rhetorical illusions of news / Chris Peters and Marcel Broersma -- Afterword crisis? what crisis? / Silvio Waisbord -- Afterword revisioning journalism and &quot;The pictures in our heads&quot; / Stuart Allan.</subfield>
  </datafield>
  <datafield tag="550" ind1=" " ind2=" ">
   <subfield code="a">WorldShare provided record.</subfield>
  </datafield>
  <datafield tag="650" ind1=" " ind2="0">
   <subfield code="a">Journalism</subfield>
   <subfield code="x">History</subfield>
   <subfield code="y">21st century.</subfield>
  </datafield>
  <datafield tag="650" ind1=" " ind2="0">
   <subfield code="a">Journalism</subfield>
   <subfield code="x">Technological innovations.</subfield>
  </datafield>
  <datafield tag="650" ind1=" " ind2="0">
   <subfield code="a">Online journalism.</subfield>
  </datafield>
  <datafield tag="655" ind1=" " ind2="7">
   <subfield code="a">History.</subfield>
   <subfield code="2">fastfst01411628.</subfield>
  </datafield>
  <datafield tag="700" ind1="1" ind2=" ">
   <subfield code="a">Peters, Chris</subfield>
   <subfield code="d">1977-</subfield>
   <subfield code="e">editor.</subfield>
  </datafield>
  <datafield tag="700" ind1="1" ind2=" ">
   <subfield code="a">Broersma, Marcel Jeroen</subfield>
   <subfield code="d">1973-</subfield>
   <subfield code="e">editor.</subfield>
  </datafield>
  <datafield tag="905" ind1=" " ind2=" ">
   <subfield code="a">FO</subfield>
  </datafield>
  <datafield tag="852" ind1="0" ind2=" ">
   <subfield code="a">UPCEB</subfield>
   <subfield code="b">CEBU-LAHUG</subfield>
   <subfield code="h">PN 4815.2</subfield>
   <subfield code="i">R483 2017</subfield>
  </datafield>
  <datafield tag="942" ind1=" " ind2=" ">
   <subfield code="a">Book</subfield>
  </datafield>
 </record>
</collection>
